Základy projektového manažmentu

Gespeichert in:
Bibliographische Detailangaben
1. Verfasser: Mesároš, Peter
Weitere Verfasser: Kršák, Branislav, Cehlár, Michal, Hyben, Ivan
Format: Buch
Sprache:Slowakisch
Veröffentlicht: Košice VÚSI 2009
Schriftenreihe:Ekonómia a manažment
Schlagworte:
Tags: Tag hinzufügen
Keine Tags, Fügen Sie das erste Tag hinzu!

MARC

LEADER 00000nam$a2200000$$$4500
001 0094811
005 20240502072045.0
020 |a 978-80-89383-03-0 
041 0 |a slo 
044 |a SK 
245 1 0 |a Základy projektového manažmentu  |c Peter Mesároš, Branislav Kršák 
264 1 |a Košice  |b VÚSI  |c 2009 
300 |a 187 s. 
490 1 |a Ekonómia a manažment 
830 0 |a Ekonómia a manažment 
610 2 0 |a riadenie projektové 
610 2 0 |a manažment 
610 2 0 |a projekty 
100 1 |a Mesároš, Peter 
700 1 |a Kršák, Branislav 
700 1 |a Cehlár, Michal 
700 1 |a Hyben, Ivan